Brhadaranyaka Upanishad:A Eritical study (Record no. 352236)
[ view plain ]
| 000 -LEADER | |
|---|---|
| fixed length control field | 005430000a22001930004500 |
| 005 - DATE AND TIME OF LATEST TRANSACTION | |
| control field | 20120302060818.0 |
| 040 ## - CATALOGING SOURCE | |
| Original cataloging agency | ENG |
| 100 ## - MAIN ENTRY--PERSONAL NAME | |
| Personal name | Vyas,R.T. |
| 245 ## - TITLE STATEMENT | |
| Title | Brhadaranyaka Upanishad:A Eritical study |
| 260 ## - PUBLICATION, DISTRIBUTION, ETC. (IMPRINT) | |
| Place of publication, distribution, etc | Vadodara:Oriental Institute,1987 |
| 300 ## - PHYSICAL DESCRIPTION | |
| Extent | xxxiii;124P |
| 365 ## - TRADE PRICE | |
| Price amount | Rs.63/- |
| 490 ## - SERIES STATEMENT | |
| Series statement | M.S.University of Baroda Research Series 15 |
| 650 ## - SUBJECT ADDED ENTRY--TOPICAL TERM | |
| Topical term or geographic name as entry element | Philosophy |
| 650 ## - SUBJECT ADDED ENTRY--TOPICAL TERM | |
| Topical term or geographic name as entry element | Upanishads-Philosophy |
| 650 ## - SUBJECT ADDED ENTRY--TOPICAL TERM | |
| Topical term or geographic name as entry element | Brhadaranyaka-Upanishad |
| 650 ## - SUBJECT ADDED ENTRY--TOPICAL TERM | |
| Topical term or geographic name as entry element | Brhadaranyaka-Metaphsics-cosmology-Brahmasutras. |
| 942 ## - ADDED ENTRY ELEMENTS (KOHA) | |
| Koha item type | Book |
| Withdrawn status | Lost status | Damaged status | Not for loan | Home library | Current library | Date acquired | Total Checkouts | Barcode | Date last seen | Price effective from |
|---|---|---|---|---|---|---|---|---|---|---|
| Institute For Oriental Study, Thane | Institute For Oriental Study, Thane | 12/02/2009 | IOS-10542 | 12/02/2009 | 12/02/2009 |